Hobbits in Middle Earth - Statistics

General Stats
  • This quiz has been taken 1,013 times
  • The average score is 11 of 18
Answer Stats
Hint Answer % Correct
Went on an adventure with 13 dwarves Bilbo Baggins
100%
The Ring-Bearer in The Lord of The Rings Frodo Baggins
99%
Loyal servant of the Ring-Bearer and somtimes considered the real hero of The Lord of The Rings Samwise Gamgee
99%
Became an Esquire of Rohan and stabbed the Witch-King Merry Brandybuck
96%
Became a Guard of The Citadel in Minas Tirith Pippin Took
96%
A former hobbit courrupted by the ring Sméagol
90%
Found the one ring in the Anduin River after being dragged in while fishing Déagol
74%
Believed to have stolen a good deal of silver spoons from Bag-End, buys Bag-End and is later imprisoned by Saruman in the Lockholes Lobelia Sackville-Baggins
56%
A farmer known for his mushrooms and acquainted with Tom Bombadil Farmer Maggot
51%
The old gardener of Bag-End Hamfast Gamgee
47%
Lived to the age of 130, was the 26th Thain of the Shire and friends with Gandalf Gerontius "The Old" Took
43%
Lives in Bag-End in the Fourth Age and has thirteen children Rose Cotton
43%
Bought Bag-End, called himself "The Boss" and was killed by Gríma Wormtongue Lotho Sackville-Baggins
41%
Stayed behind at Crickhollow and raises the Horn-Call of Buckland when the Nazgul attack Fredegar "Fatty" Bolger
39%
This hobbit invented golf in the Battle of Greenfields Bullroarer Took
27%
Employee of The Prancing Pony Nob
22%
The Miller's son and a rather unpleasant hobbit Ted Sandyman
15%
Mayor of Michel Delving and said to be the fattest hobbit in the Westfarthing Will Whitfoot
12%
No matching quizzes found
Score Distribution
Percent of People with Each Score
Percentile by Number Answered
Your Score History
You have not taken this quiz